| 000 | 02859cam a2200385 a 4500 | ||
|---|---|---|---|
| 001 | ocm62701478 | ||
| 003 | TZ-ArACH | ||
| 005 | 20160122131527.0 | ||
| 008 | 070201s2004 sz a b i000 0 eng | ||
| 010 | _a 2007366328 | ||
| 035 | _a(OCoLC)62701478 | ||
| 040 |
_aDLC _beng _cTZ-ArACH _dBTCTA _dOCLCQ _dCFT _dOCLCQ |
||
| 041 | _aEng | ||
| 049 | _aTZAA | ||
| 050 | 0 | 0 |
_aHV553 _b.I54 |
| 082 | 0 | 0 |
_a362.7 _222 |
| 245 | 0 | 0 |
_aInter-agency guiding principles on unaccompanied and separated children / _c[International Committee of the Red Cross (ICRC) and others]. |
| 260 |
_aGeneva : _bInternational Committee of the Red Cross, Central Training Agency and Protection Division, _c[2004] |
||
| 300 |
_a71 pages : _billustrations ; _c23 cm |
||
| 500 | _a"January 2004." | ||
| 504 | _aIncludes bibliographical references (pages 70-71). | ||
| 505 | 0 | _aIntroduction -- 1. A comprehensive approach -- 2. Preserving family unity -- a) Preventing separation -- b) Evacuation -- c) Legal identity and birth registration -- 3. Tracing and family reunification -- a) Assessment -- b) Identification, registration and documentation -- c) Tracing -- d) Verification and family reunification -- e) Follow-up of placement and reunification -- f) Confidentiality -- 4. Care arrangements -- a) Emergency care and assistance -- b) Community-based care -- c) Fostering 44 -- d) Institutional care 46 -- e) Guardianship 47 -- f) Health care and nutrition _______ 48 -- g) Education 49 -- h) Psycho-social aspects 50 -- i) Child-headed households -- 5. Durable arrangements -- a) Alternative long-term placement -- b) In-country and inter-country adoption -- 6. Special issues related to refugee children -- a) Refugee status determination -- b) Rejected asylum-seekers -- c) Children living in families from the host/asylum country -- d) Durable long-term solutions -- 7. Promoting children's rights -- a) Advocacy -- b) Capacity-building -- Key international instruments relating to unaccompanied and -- separated children -- Selected reference material. | |
| 650 | 0 |
_aChild disaster victims _xServices for. _918018 |
|
| 650 | 0 |
_aRefugee children _xServices for. _918019 |
|
| 650 | 0 |
_aChild disaster victims _xFamily relationships. _918020 |
|
| 650 | 0 |
_aRefugee children _xFamily relationships. _918021 |
|
| 650 | 0 |
_aChild welfare. _918022 |
|
| 650 | 0 |
_aChildren's rights. _918023 |
|
| 653 | _aDonation from ICRC | ||
| 710 | 2 |
_aInternational Committee of the Red Cross. _918024 |
|
| 710 | 2 |
_aInternational Committee of the Red Cross. _bCentral Tracing Agency and Protection Division. _918025 |
|
| 856 | 4 | 1 |
_3Table of contents _uhttp://catdir.loc.gov/catdir/toc/fy0707/2007366328.html |
| 942 |
_2lcc _cBOOK |
||
| 999 |
_c3232 _d3232 |
||